ACC Football Teams - Statistics

General Stats
  • This quiz has been taken 403 times
  • The average score is 9 of 12
Answer Stats
Hint Answer % Correct
North Carolina
89%
Clemson
87%
Florida State
85%
Duke
82%
Virginia
80%
Virginia Tech
75%
Miami
71%
Georgia Tech
70%
Boston College
68%
North Carolina State
68%
Wake Forest
67%
Maryland
49%
No matching quizzes found
Score Distribution
Percent of People with Each Score
Percentile by Number Answered
Your Score History
You have not taken this quiz